000 01053cam a2200229 i 4500
020 _a0309029007 :
022 _a0309029007
082 0 0 _a625.7/08 s
_a388.324
_bNAT
_cD
110 2 _aR. J. Hansen Associates.
_938717
245 1 0 _aState laws and regulations on truck size and weight /
_cR. J. Hansen Associates, inc. ; research sponsored by the American Association of State Highway and Transportation Officials in cooperation with the Federal Highway Administration.
260 _aWashington :
_bTransportation Research Board, National Research Council,
_c1979.
300 _a117 p. :
_bill. ;
_c28 cm.
490 1 _aReport - National Cooperative Highway Research Program ; 198
500 _a"Project 20-16 FY '77."
526 _a0
_b0
_c0
_d388_324000000000000_NAT
650 0 _aNUST
_96342
650 0 _aTrucks
_xLaw and legislation
_zUnited States
_xStates.
_921724
650 0 _aTrucks
_xWeight.
_921642
710 1 _aUnited States.
_921185
710 2 _aAmerican Association of State Highway and Transportation Officials.
_919553
942 _2ddc
_cBK
999 _c543358
_d543358